00799nam a22001937a 450000500170000000800410001704000290005804100080008708200170009510000390011224500550015125000210020626000540022730000310028150002240031250600210053665000220055765000260057920141107145153.0141107s1924 ag ||||fr|||| 000 f spa d cSandra YazodSandra Yazo0 aspa04220a863.59821 aCambacérès, Eugeniod1843-189010aPotpourribSilbidos de un vagocEugenio Cambaceres aQuinta edición aBuenos Aires (Argentina)bEditorial Minervac1924 a234 páginasc19 x 13 cm. aDetalles físicos: Encuadernación rígida en cartón forrado en papel. Lomo en tela con adornos en dorado. Guardas. Hoja de cortesía. Retrato del autor. Portada impresa en dos tintas. Texto impreso en una columna aConsulta en sala 7aNovela argentina  7aLiteratura argentina